Normal view
MARC view
- Erancois E.Cellier Ernesto Kofman
Entry Personal Name
001 - CONTROL NUMBER
- control field: 2438
003 - CONTROL NUMBER IDENTIFIER
- control field: NUST
005 - DATE AND TIME OF LATEST TRANSACTION
- control field: 20170612113025.0
008 - FIXED-LENGTH DATA ELEMENTS
- fixed length control field: 170612|| aca||aabn | a|a d
040 ## - CATALOGING SOURCE
- Original cataloging agency: NUST
- Transcribing agency: NUST
100 ## - HEADING--PERSONAL NAME
- Personal name: Erancois E.Cellier Ernesto Kofman
670 ## - SOURCE DATA FOUND
- Source citation: Work cat.: (NUST)23728: Erancois E.Cellier Ernesto Kofman, Continous System Simulation , c.2006
